| 000 | 01536nam a2200229Ia 4500 | ||
|---|---|---|---|
| 003 | Ost | ||
| 005 | 20260507075727.0 | ||
| 008 | 260507s9999||||xx |||||||||||||| ||und|| | ||
| 040 | _cfsecg | ||
| 041 | _aara | ||
| 082 | _a658.8 | ||
| 100 |
_aابو بكر، مصطفى محمود _eمؤلف |
||
| 245 | 0 |
_aدليل فن خدمة العملاء ومهارات البيع / _c مصطفى محمود ابو بكر |
|
| 260 |
_aالاسكندرية: _bالدار الجامعية, _c[د.ت] |
||
| 300 |
_a390 صفحة؛ _c24 سم |
||
| 520 | _aماهو الجديد في تنظيم وادارة نشاط التسويق والبيع للتعامل مع بيئة الاعمال المعاصرة ؟ ، ماهي تأثيرات أعمال الشركة وظروفها وبيئتها على السياسات وخطط التسويق والبيع ؟ ، كيف نصمم بناء تنظمي ونظام اداري كفء وفعال لنشاط التسويق والبيع ؟، كيف يكون لديك جهاز بيع محترف يحقق البيع والتحصيل المخطط ، ماهي الادوات الاساسية لتخطيط وتنفيذ بيئة الاعمال البيع ومتابعتها ومتابعتها وتقييمها ؟، كيف تفكر استراتجيا وتضع استراتجية لاعمال التسويق والبيع | ||
| 653 | _aادارة المبيعات | ||
| 653 | _aالبيع | ||
| 653 | _aالتسويق | ||
| 700 |
_aمرسي، جمال الدين محمد _eمؤلف ثانوي |
||
| 942 | _cكتاب | ||
| 999 |
_c45990 _d45990 |
||